000 00308nam a22001337a 4500
008 180928b xxu||||| |||| 00| 0 eng d
020 _a9780073381244
041 _aeng
080 _216th
_a330
100 _a58
101 _aBIZ
245 _aCrafting & executing strategy
_cThompson,A.A
942 _2udc
_cBK
999 _c48667
_d48667